| 000 | 00752cam a22002531 4500 | ||
|---|---|---|---|
| 001 | sa 68010110 | ||
| 003 | DLC | ||
| 005 | 20260227112550.0 | ||
| 008 | 790806s1967 ii bch b 000 0 eng | ||
| 010 | _asa 68010110 | ||
| 025 | _aPL480:I-E-9466 | ||
| 035 | _a(OCoLC)5242875 | ||
| 040 |
_aDLC _cMH _dDLC |
||
| 041 | 0 | _aengmar | |
| 050 | 0 | 0 |
_aDS498 _b.P74 |
| 082 | 0 | 0 | _a954/.799 |
| 100 | 1 | _aPriolkar, Anant Kakba. | |
| 245 | 1 | 0 | _aGoa re-discovered. |
| 260 |
_aBombay; _b[chief distributors: Bhatkal Books International] _c1967. |
||
| 300 |
_aviii, 137 p. _bfacsims., map, ports. _c22 cm. |
||
| 504 | _aBibliographical footnotes. | ||
| 500 | _aContains extracts from 17th century Christian books in Marathi with romanization. | ||
| 651 | 0 | _aGoa. | |
| 999 |
_c83334 _d83334 |
||